1988 1795 1294 1608 1915 1559 1456 1991 1101 1899 1601 1179 1180 1326 1455 1127 1855 1674 1039 1887 1640 1975 1696 1637 1398 1496 1974 1528 1453 1702 1098 1350 1752 1101 1306 1745 1433 1041 1685 1927 1213 1082 1098 1340 1465 1459 1873 1516 1833 1415 1605 1083 1879 1167 1803 1647 1516 1202 1339 1165 1586 1368 1433 1081 1501 1404 1656 1145 1613 1097 1407 1432 1473 1537 1178 1617 1326 1221 1869 1023 1799 1476 1916 1989 1935 1945 1831 1264 1011 1115 1503 1953 1717 1587 1476 1955 1038 1730 1052 BCNSPRNW ULIB Ver.6.0+V

เปลี่ยนเป็นภาษาไทย

Change to English
 แสดงรายละเอียดบรรณานุกรม
  กลับหน้าหลัก

Brief Record : Get Marc (ISO 2709) : E-mail record : QR code < ปิดหน้าต่าง
LEADER : 00000nam 2200000uu 4500
001    13399127706
003     ULIB
008    210420s2563||||th 000 0 tha d
020    ^a9789749747667
060 04 ^aWT116^bก461
245 00 ^aการบูรณาการดูแลด้านสุขภาพและสังคม เพื่อส่งเสริมการมีอายุยืน =^bIntegrated health and social care to promote longevity /^cวีรศักดิ์ เมืองไพศาล บรรณาธิการ
246 34 ^aการบูรณาการด้านสุขภาพและสังคมเพื่อการมีอายุยืน
246 31 ^aIntegrated health and social care to promote longevity
250    ^aพิมพ์ครั้งที่ 1
260    ^aกรุงเทพฯ :^bสมาคมพฤฒาวิทยาและเวชศาสตร์ผู้สูงอายุไทย,^c2563
300    ^a184 หน้า :^bภาพประกอบ ;^c26 ซม.
504    ^aมีบรรณานุกรมและดัชนี
650  4 ^aการมีอายุยืน
650  4 ^aผู้สูงอายุ^xการดูแล
650  4 ^aผู้สูงอายุ^xสุขภาพและอนามัย
653    ^aผลงานอาจารย์คณะแพทยศาสตร์ศิริราชพยาบาล
700 0  ^aวีรศักดิ์ เมืองไพศาล,^eบรรณาธิการ
710 2  ^aสมาคมพฤฒาวิทยาและเวชศาสตร์ผู้สูงอายุไทย
945    ^p300^l0^i008031
999    ^aประนอม เกษจรัล
รายการนี้ยังไม่มีแท็ก
คุณยังไม่ได้ล็อกอิน คุณสามารถมีกิจกรรมร่วมกับเว็บไซต์ได้ แต่ต้องล็อกอินก่อน ::
  ล็อกอิน

รายการสื่อสารสนเทศ

ลำดับที่ ประเภท เลขเรียก/บาร์โค้ด สถานที่ สถานะ
1. วิทยาศาสตร์การแพทย์ และสุขภาพ
วิทยาศาสตร์การแพทย์ และสุขภาพ
WT116 ก461 ฉ.1 
  Barcode: 008031
ห้องสมุดวิทยาเขตสวรรค์ประชารักษ์
►หนังสือทั่วไป
บนชั้น

รายการใกล้เคียง
    หัวเรื่อง [การมีอายุยืน]
    หัวเรื่อง [ผู้สูงอายุ การดูแล]

BibComment


ยังไม่เคยถูกคอมเมนท์

คอมเมนท์ทรัพยากรรายการนี้
  คอมเมนท์: การบูรณาการดูแลด..


 Copyright 2026. Bcnsprnw @Library